00633nam a2200193Ia 4500008004100000020001300041082001600054100001700070245002900087250000700116260004100123300002800164500001900192600002100211650005000232942000700282952013500289999001500424240925s9999 xx 000 0 und d a70530491 a005.133 SMI aSmiley, John 0aLearn to Program with C# aNA aNew Delhi:bTata McGraw Hillc,2003. axii,622p.bNAfOriginal aIncludes Index aComputer Science aComputer science, information & general works cBK 011040708CSaUITUbUITUd2003-04-21eParamount Book Pvt Ltdg430.70l0o005.133 SMIpQ5038r2024-09-25 07:13:43w2024-09-25yBK c7537d7537